LEADER 00897nam a2200265 i 4500 001 991004380138007536 005 20250508103450.0 008 250508s1990 it er 001 0 ita d 020 $a883560012X 040 $aBibl. Dip.le Aggr. Studi Umanistici - Sez. Filosofia$bita$cSocioculturale Scs 041 1 $aita$hrus 082 04$a891.73$223 100 1 $aBulgakov, Mihail Afanas?evi?$0222457 240 10$aDiaboliad, and other stories$94373879 245 10$aDiaboliade /$cMichail Bulgakov ; a cura di Ellendea Proffer e Carl R. Proffer ; traduzione di Pietro Ferrari 260 $aMilano :$bInterno Giallo,$c1990 300 $a240 p. ;$c23 cm 490 1 $aIperFiction 700 1 $aProffer, Ellendea 710 1 $aProffer, Carl R. 710 2 $aFerrari, Pietro 830 0$aIperFiction 912 $a991004380138007536 996 $aDiaboliad, and other stories$94373879 997 $aUNISALENTO